000 00610nam a22002297a 4500
001 65678
003 UA-OsUOA
005 20210519165043.0
007 ta
008 20091203b un ||||| |||| 00| 0 ukr d
040 _aUA-OsUOA
_bukr
_cUA-OsUOA
_dUA-OsUOA
041 _aukr
080 _a821.161.2
090 _a821.161.2
_bМ80
100 _aМороз А.
245 _aКіоскерка на перехресті
_bроман-притча
260 _aК.
_c1971
300 _a335 с.
650 7 _a82 Література. Літературознавство
_2UDC
942 _cBK
_2udc
955 _a3
999 _c351807
_d351807